Zur Phanomenologie der intersubjektivitat. Texte aus dem nachlass
Uloženo v:
| Hlavní autor: | |
|---|---|
| Médium: | Kniha |
| Jazyk: | němčina |
| Vydáno: |
The Hague, Netherlands
Martinus Nijhoff
1973
|
| Edice: | Husserliana,
|
| Témata: | |
| Tagy: |
Přidat tag
Žádné tagy, Buďte první, kdo vytvoří štítek k tomuto záznamu!
|
MARC
| LEADER | 00000cam a2200000 a 4500 | ||
|---|---|---|---|
| 001 | UCC8844 | ||
| 003 | CL-VaPUC | ||
| 005 | 20240820103305.0 | ||
| 008 | 190823e19730000ne |||||||||||||||||ger|d | ||
| 020 | |a 9024750296 v.2 | ||
| 020 | |a 9024750296 | ||
| 040 | |c Pontificia Universidad Católica de Valparaíso | ||
| 082 | 0 | 4 | |a 142.7 HUS 1973 |2 21 |
| 100 | |a Husserl, Edmund |e author |9 197 | ||
| 245 | 1 | 0 | |a Zur Phanomenologie der intersubjektivitat. |b Texte aus dem nachlass |
| 260 | |a The Hague, Netherlands |b Martinus Nijhoff |c 1973 | ||
| 300 | |a volúmenes | ||
| 440 | |a Husserliana, |n 14 |9 860754 | ||
| 505 | |a v.2: 1921-1928 | ||
| 583 | |a last modification |c 20190823 13:21:00 |k Rodrigo Vera | ||
| 650 | 0 | |a Fenomenología |9 256519 | |
| 650 | 0 | |a Filosofía alemana |9 265002 | |
| 650 | 0 | |a Escuelas filosóficas |9 266232 | |
| 650 | 0 | |a Intersubjetividad |9 520003 | |
| 942 | |c BK |2 ddc | ||
| 945 | |d 20190823 13:21:00 |a dcastane | ||
| 999 | |c 375093 |d 375091 | ||
| 952 | |0 0 |1 0 |3 erd |4 0 |6 142_700000000000000_HUS_1973 |7 0 |8 R |9 493982 |a BIBEDU |b BIBEDU |c MCIRC |d 2019-08-14 |e 2 |g 404231.00 |h v.2 |i 5559855 |o 142.7 HUS 1973 |p 5559855 |r 2023-01-13 |v 404231.00 |w 2019-11-24 |y BK_R |z Catalogado en:20190823 |k FIL | ||